000 00360nam a2200145Ia 4500
008 240830s1901 xx 000 0 und d
041 _aeng
082 _a0 YAD
100 _aYADAWAJI TRIMBKAJI
245 _aDRAVYAGUNA VIDYNANA UTTARARDHA VOL 2 ( HINDI )
260 _bN.D.
_c1901
650 _aDRAVYAGUNA-VIGYAN
906 _aN.D.
999 _c1184842
_d1184842